000 00698nam a2200253 i 4500
001 C2-0308012
003 PPAK
005 20180728094808.0
008 110417s2004 io |||| ||||| | may d
020 _a9793249552
040 _aPPAK
_beng
_cPPAK
_erda
082 0 4 _a956.94
_223
090 0 0 _a956.94
_bKHO
_dKMI
100 0 _aKhomeini,
_cImam
_eauthor
245 1 0 _aPalestina dalam pandangan Imam Khomeini
264 1 _aJakarta, Indonesia :
_bPustaka Zahra ,
_c2004
300 _axl, 260 pages ;
_c25 cm
336 _2rdacontent
_atext
337 _2rdamedia
_aunmediated
338 _2rdacarrier
_avolume
650 1 0 _aPalestina - Sejarah.
700 0 _aYudi,
_eeditor
942 _ddc
_cB
999 _c110680
_d110680